| Tag |
First Indicator |
Second Indicator |
Subfields |
| LEADER |
00000cam a2200000 a 4500 |
| 001 |
in00000082243 |
| 005 |
20151008061107.0 |
| 008 |
800929s1958 nyu b 00110 engm |
| 035 |
|
|
|a (OCoLC)06766280
|
| 035 |
|
|
|9 AAJ7292AM
|
| 040 |
|
|
|a MDS
|c MDS
|d m.c.
|d TXA
|d UtOrBLW
|
| 043 |
|
|
|a e-----
|
| 049 |
|
|
|a TXAM
|c [933108]
|
| 050 |
0 |
0 |
|a H51
|b .H8 1958
|
| 082 |
0 |
|
|a 309.4
|
| 100 |
1 |
|
|a Hughes, H. Stuart
|q (Henry Stuart),
|d 1916-1999.
|
| 245 |
1 |
0 |
|a Consciousness and society :
|b the reorientation of European social thought, 1890-1930 /
|c H. Stuart Hughes.
|
| 264 |
|
1 |
|a New York :
|b Vintage Books,
|c [1958]
|
| 264 |
|
4 |
|c ©1958
|
| 300 |
|
|
|a xi, 433, xv pages ;
|c 19 cm.
|
| 336 |
|
|
|a text
|b txt
|2 rdacontent
|
| 337 |
|
|
|a unmediated
|b n
|2 rdamedia
|
| 338 |
|
|
|a volume
|b nc
|2 rdacarrier
|
| 490 |
0 |
|
|a A Vintage book ;
|v v-201
|
| 500 |
|
|
|a Includes index.
|
| 504 |
|
|
|a Bibliography: pages [432]-433.
|
| 650 |
|
0 |
|a Social sciences
|x Philosophy.
|
| 650 |
|
0 |
|a Twentieth century.
|
| 651 |
|
0 |
|a Europe
|x Intellectual life
|y 20th century.
|
| 999 |
|
|
|a MARS
|
| 999 |
f |
f |
|s 88528b4a-c829-3d3f-8667-8e9e9c487003
|i fe7ed081-3186-349e-8360-ef406fa5f108
|t 0
|
| 952 |
f |
f |
|p ric
|a Texas A&M University
|b Rellis Campus
|c Joint Library Facility
|d Remote Storage
|t 0
|e H51 .H8 1958
|h Library of Congress classification
|i unmediated -- volume
|m A14806117878
|
| 998 |
f |
f |
|a H51 .H8 1958
|t 0
|l Remote Storage
|